[Event "SVK-chT3B2 2223"]
[Site "Slovakia"]
[Date "2022.12.18"]
[Round "4.4"]
[White "Kucharek, Tibor"]
[Black "Kudlej, Adam"]
[Result "1/2-1/2"]
[WhiteElo "1687"]
[BlackElo "1636"]
[PlyCount "119"]
[EventDate "2022.10.23"]
[EventType "team-tourn"]
[EventRounds "11"]
[EventCountry "SVK"]
[SourceTitle "EXT 2024"]
[Source "ChessBase"]
[SourceDate "2023.10.10"]
[SourceVersion "1"]
[SourceVersionDate "2023.10.10"]
[SourceQuality "1"]
[WhiteTeam "Dubnica nad Vahom V"]
[BlackTeam "Belusa II"]
[WhiteTeamCountry "SVK"]
[BlackTeamCountry "SVK"]

1. d4 Nf6 2. Nf3 g6 3. c4 Bg7 4. Nc3 d6 5. e4 0-0 6. Bd3 Nbd7 7. 0-0 e5 8. d5 Nc5 9. Bg5 h6 10. Bh4 Nxd3 11. Qxd3 a6 12. b4 g5 13. Nxg5 hxg5 14. Bxg5 Qd7 15. f4 Nh7 16. Bh4 exf4 17. Rxf4 Be5 18. Rf3 f6 19. Raf1 Qg4 20. Bg3 Kf7 21. Bxe5 dxe5 22. d6 Rd8 23. c5 cxd6 24. cxd6 Qe6 25. Nd5 Rxd6 26. Qb3 Rxd5 27. exd5 Qb6+ 28. Kh1 Qd6 29. Qd3 f5 30. a3 Bd7 31. g4 Re8 32. Rh3 Nf6 33. Rh6 Qxd5+ 34. Qxd5+ Nxd5 35. Rh7+ Ke6 36. gxf5+ Kd6 37. Rh6+ Ke7 38. f6+ Kf7 39. Rh7+ Ke6 40. f7 Rf8 41. h4 Nf6 42. Rg7 Rxf7 43. Rxf7 Kxf7 44. Kh2 Kg6 45. Rg1+ Bg4 46. Kg3 Kh5 47. Re1 e4 48. Rc1 e3 49. Rc5+ Kg6 50. Re5 e2 51. Kf2 Bh5 52. Re7 Nd5 53. Rxb7 Nf4 54. Rd7 Ng2 55. Re7 e1Q+ 56. Rxe1 Nxe1 57. Kxe1 Kf5 58. Kd2 Ke5 59. Kc3 Kd5 60. a4 1/2-1/2

[Event "SVK-chT3B2 1920"]
[Site "Slovakia"]
[Date "2020.06.28"]
[Round "11.6"]
[White "Adamik, Frantisek1111"]
[Black "Kudlej, Adam"]
[Result "0-1"]
[WhiteElo "1458"]
[BlackElo "1556"]
[PlyCount "74"]
[EventDate "2019.10.06"]
[EventType "team-tourn"]
[EventRounds "11"]
[EventCountry "SVK"]
[SourceTitle "EXT 2022"]
[Source "ChessBase"]
[SourceDate "2021.10.06"]
[SourceVersion "1"]
[SourceVersionDate "2021.10.06"]
[SourceQuality "1"]
[WhiteTeam "Lehota pod Vtacnikom"]
[BlackTeam "Belusa"]
[WhiteTeamCountry "SVK"]
[BlackTeamCountry "SVK"]

1. e4 d5 2. exd5 Qxd5 3. Nc3 Qa5 4. Nf3 Nf6 5. Bd3 Nc6 6. b3 Nb4 7. Bc4 Bf5 8. d3 Nxd3+ 9. Bxd3 Qxc3+ 10. Bd2 Qc5 11. Be3 Qd5 12. Bxf5 Qxf5 13. 0-0 e5 14. Qe2 c6 15. Rad1 Nd5 16. Bd4 f6 17. c4 Nf4 18. Qe3 b6 19. Nh4 Qg4 20. g3 Ne2+ 21. Kg2 Nxd4 22. f4 Qe2+ 23. Qxe2 Nxe2 24. Rfe1 Nc3 25. Rd3 Nxa2 26. fxe5 fxe5 27. Rxe5+ Kf7 28. Rf3+ Kg8 29. Nf5 Bc5 30. Ne7+ Bxe7 31. Rxe7 h5 32. Rff7 Rh7 33. Rf2 Nb4 34. Rfe2 g6 35. Re8+ Rxe8 36. Rxe8+ Kf7 37. Rc8 Ke6 0-1

[Event "SVK-chT3B2 1920"]
[Site "Slovakia"]
[Date "2019.11.24"]
[Round "4.5"]
[White "Maslak, Peter"]
[Black "Kudlej, Adam"]
[Result "0-1"]
[WhiteElo "1279"]
[BlackElo "1556"]
[PlyCount "42"]
[EventDate "2019.10.06"]
[EventType "team-tourn"]
[EventRounds "11"]
[EventCountry "SVK"]
[SourceTitle "CBM 193 Extra"]
[Source "ChessBase"]
[SourceDate "2020.01.31"]
[SourceVersion "1"]
[SourceVersionDate "2020.01.31"]
[SourceQuality "1"]
[WhiteTeam "Nemsova Horne Srnie II"]
[BlackTeam "Belusa"]
[WhiteTeamCountry "SVK"]
[BlackTeamCountry "SVK"]

1. e4 d5 2. exd5 Qxd5 3. Nc3 Qa5 4. Be2 Nf6 5. d3 Nc6 6. Bd2 Bf5 7. Nf3 0-0-0 8. b3 e5 9. Ne4 Qd5 10. Nxf6 gxf6 11. Nh4 Be6 12. Bf3 Qd7 13. Be3 Bb4+ 14. Bd2 Bxd2+ 15. Qxd2 Qd4 16. 0-0 Qxh4 17. Bxc6 bxc6 18. Rfe1 Rhg8 19. Re4 Rxg2+ 20. Kxg2 Qh3+ 21. Kh1 Qf3+ 0-1

[Event "SVK-chT3B2 1819"]
[Site "Slovakia"]
[Date "2018.11.25"]
[Round "3.5"]
[White "Kamas, Samuel"]
[Black "Kudlej, Adam"]
[Result "1-0"]
[WhiteElo "1814"]
[BlackElo "1545"]
[PlyCount "91"]
[EventDate "2018.10.21"]
[EventType "team-tourn"]
[EventRounds "11"]
[EventCountry "SVK"]
[SourceTitle "CBM 189 Extra"]
[Source "ChessBase"]
[SourceDate "2019.06.03"]
[SourceVersion "1"]
[SourceVersionDate "2019.06.03"]
[SourceQuality "1"]
[WhiteTeam "Povazska Bystrica Sparta"]
[BlackTeam "Belusa"]
[WhiteTeamCountry "SVK"]
[BlackTeamCountry "SVK"]

1. e4 e5 2. Nf3 Nc6 3. Bc4 Nf6 4. d3 Be7 5. 0-0 0-0 6. Nc3 a6 7. h3 b5 8. Bb3 d6 9. Bd2 Nd4 10. Nxd4 exd4 11. Nd5 Bb7 12. Nxe7+ Qxe7 13. Bg5 h6 14. Bh4 c6 15. Qf3 Qe5 16. Bxf6 Qxf6 17. Qxf6 gxf6 18. f4 a5 19. a3 Rac8 20. a4 b4 21. Rf3 d5 22. exd5 cxd5 23. Rg3+ Kh7 24. f5 Rg8 25. Rxg8 Rxg8 26. Re1 Kg7 27. Re7 Bc6 28. Rc7 Ba8 29. Ra7 Bc6 30. Rxa5 Ra8 31. Rxa8 Bxa8 32. Kf2 h5 33. Kg3 Bc6 34. Kh4 Kh6 35. a5 Bb7 36. Ba4 Ba6 37. Bc6 b3 38. cxb3 Bxd3 39. Bxd5 Ba6 40. Bxf7 Be2 41. Kg3 Kg5 42. Bc4 h4+ 43. Kf2 d3 44. a6 Bh5 45. a7 d2 46. Be2 1-0

[Event "SVK-chT3B2 1819"]
[Site "Slovakia"]
[Date "2018.11.11"]
[Round "2.6"]
[White "Svancarek, Lubos"]
[Black "Kudlej, Adam"]
[Result "1-0"]
[WhiteElo "1589"]
[BlackElo "1545"]
[PlyCount "89"]
[EventDate "2018.10.21"]
[EventType "team-tourn"]
[EventRounds "11"]
[EventCountry "SVK"]
[SourceTitle "CBM 189 Extra"]
[Source "ChessBase"]
[SourceDate "2019.06.03"]
[SourceVersion "1"]
[SourceVersionDate "2019.06.03"]
[SourceQuality "1"]
[WhiteTeam "Nemsova Horne Srnie"]
[BlackTeam "Belusa"]
[WhiteTeamCountry "SVK"]
[BlackTeamCountry "SVK"]

1. c4 e5 2. e4 Nf6 3. Nc3 b6 4. d3 d6 5. Bg5 Be7 6. g3 Bb7 7. Bg2 0-0 8. Nge2 c5 9. a4 h6 10. Be3 Nc6 11. f3 Nd4 12. 0-0 Nd7 13. Rb1 Nb8 14. Nd5 Bxd5 15. cxd5 Nxe2+ 16. Qxe2 Nd7 17. Bh3 g5 18. f4 Nb8 19. Bf5 Kg7 20. Qg4 f6 21. h4 Rh8 22. Rf2 h5 23. Qe2 Na6 24. fxg5 fxg5 25. Rbf1 gxh4 26. g4 Bg5 27. gxh5 Kh6 28. Bg6 Bxe3 29. Qxe3+ Qg5+ 30. Qxg5+ Kxg5 31. Rg2+ Kh6 32. Rf7 Raf8 33. Kh2 Rxf7 34. Bxf7 Rf8 35. Rg6+ Kh7 36. Be6 Nb4 37. Bf5 Kh8 38. Rh6+ Kg7 39. Rxd6 Rf6 40. Rd7+ Rf7 41. h6+ Kf6 42. Rd6+ Ke7 43. Re6+ Kf8 44. d6 a6 45. h7 1-0

[Event "SVK-chT3B2 1819"]
[Site "Slovakia"]
[Date "2018.10.21"]
[Round "1.6"]
[White "Kudlej, Adam"]
[Black "Flak, Lubomir"]
[Result "1-0"]
[WhiteElo "1545"]
[BlackElo "1635"]
[PlyCount "105"]
[EventDate "2018.10.21"]
[EventType "team-tourn"]
[EventRounds "11"]
[EventCountry "SVK"]
[SourceTitle "CBM 189 Extra"]
[Source "ChessBase"]
[SourceDate "2019.06.03"]
[SourceVersion "1"]
[SourceVersionDate "2019.06.03"]
[SourceQuality "1"]
[WhiteTeam "Belusa"]
[BlackTeam "Handlova"]
[WhiteTeamCountry "SVK"]
[BlackTeamCountry "SVK"]

1. c4 Nf6 2. Nc3 c5 3. Nf3 e6 4. e3 Be7 5. g3 b6 6. d4 cxd4 7. exd4 Bb7 8. Bg2 0-0 9. 0-0 d6 10. Bf4 a6 11. a4 Nbd7 12. b3 Re8 13. Qd3 Nf8 14. Rfd1 Ng6 15. Be3 Qc7 16. Rac1 Ng4 17. d5 Nxe3 18. Qxe3 e5 19. Bh3 Bc8 20. Bxc8 Raxc8 21. Ne4 h6 22. Qe2 f5 23. Nc3 Rf8 24. Qc2 Qd7 25. Kg2 Qe8 26. Rg1 e4 27. Nxe4 fxe4 28. Qxe4 Qf7 29. Rc3 Bf6 30. Re3 Rce8 31. Qd3 Rxe3 32. Qxe3 Bd8 33. Qe6 Qxe6 34. dxe6 Ne5 35. Nxe5 dxe5 36. Rd1 Re8 37. Rd6 Kf8 38. Rd7 Be7 39. Kf3 Bc5 40. Ke4 Rxe6 41. Rd5 Bxf2 42. Rxe5 Rxe5+ 43. Kxe5 Bc5 44. Kd5 Bb4 45. Kc6 Ba5 46. Kb7 b5 47. Kxa6 bxa4 48. bxa4 Bd8 49. a5 Ke7 50. Kb5 Bc7 51. a6 Bb8 52. Kb6 Kd7 53. Kb7 1-0

[Event "SVK-chT3B2 1718"]
[Site "Slovakia"]
[Date "2017.10.22"]
[Round "2.5"]
[White "Kudlej, Adam"]
[Black "Mejsnar, Miroslav"]
[Result "0-1"]
[WhiteElo "1540"]
[BlackElo "1926"]
[PlyCount "58"]
[EventDate "2017.10.08"]
[EventType "team-tourn"]
[EventRounds "11"]
[EventCountry "SVK"]
[SourceTitle "EXT 2019"]
[Source "ChessBase"]
[SourceDate "2018.10.10"]
[SourceVersion "1"]
[SourceVersionDate "2018.10.10"]
[SourceQuality "1"]
[WhiteTeam "Belusa"]
[BlackTeam "Povazska Bystrica Sparta II"]
[WhiteTeamCountry "SVK"]
[BlackTeamCountry "SVK"]

1. e4 e6 2. d4 d5 3. exd5 exd5 4. Bd3 Bd6 5. Nf3 Ne7 6. c3 Nd7 7. Be3 Nf6 8. h3 0-0 9. Nbd2 Re8 10. 0-0 Ng6 11. Bg5 Bf4 12. Qc2 Qd6 13. Rfe1 Bd7 14. Qb3 Bc6 15. c4 Bxg5 16. Bxg6 Bxd2 17. Bxf7+ Kxf7 18. Nxd2 Qf4 19. Nf3 Kf8 20. Rxe8+ Rxe8 21. Qa3+ Qd6 22. Qxa7 dxc4 23. Qc5 Bxf3 24. Qxd6+ cxd6 25. gxf3 Re2 26. b3 c3 27. Rc1 Nd5 28. Rb1 Rxa2 29. Kg2 b5 0-1

[Event "SVK-chT3B2 1617"]
[Site "Slovakia"]
[Date "2016.11.27"]
[Round "4.8"]
[White "Durec, Martin"]
[Black "Kudlej, Adam"]
[Result "0-1"]
[WhiteElo "1480"]
[BlackElo "1553"]
[PlyCount "90"]
[EventDate "2016.10.16"]
[EventType "team-tourn"]
[EventRounds "11"]
[EventCountry "SVK"]
[SourceTitle "EXT 2018"]
[Source "ChessBase"]
[SourceDate "2017.10.13"]
[SourceVersion "1"]
[SourceVersionDate "2017.10.13"]
[SourceQuality "1"]
[WhiteTeam "Myjava Spartak"]
[BlackTeam "Belusa"]
[WhiteTeamCountry "SVK"]
[BlackTeamCountry "SVK"]

1. e4 e6 2. d4 d5 3. e5 c5 4. dxc5 Bxc5 5. Nf3 Nc6 6. Bb5 Qb6 7. Qe2 Nge7 8. 0-0 0-0 9. c3 Qc7 10. a4 a6 11. Bd3 h6 12. Bf4 Ng6 13. Bg3 Rd8 14. Nbd2 a5 15. Nb3 b6 16. Rfe1 Bb7 17. Qc2 Nge7 18. Rad1 Kh8 19. Bh4 d4 20. Bxe7 Qxe7 21. cxd4 Nxd4 22. Nfxd4 Bxd4 23. Nxd4 Rxd4 24. Rc1 g6 25. Be4 Rc8 26. Qxc8+ Bxc8 27. Rxc8+ Kg7 28. b3 Qd7 29. Rcc1 f5 30. exf6+ Kxf6 31. h3 Rd2 32. Bf3 Qd4 33. Red1 Qxf2+ 34. Kh1 Rxd1+ 35. Rxd1 Qb2 36. Rf1 Kg5 37. g3 h5 38. Bd1 Qe5 39. h4+ Kh6 40. Kg2 b5 41. Rf2 Qd5+ 42. Bf3 Qxb3 43. axb5 Qxb5 44. Be2 Qe5 45. Kh2 a4 0-1